Conversion, Leadership and Identity of the Evangelical Roma in Bulgaria /

Combining historical and ethnographic approaches in her pioneering study, Magdalena Slavkova offers an insightful contribution to our understanding of Romani evangelicalism. The phenomenon appeared at the beginning of the 20th century in Bulgaria, considerably earlier than many other European countr...

وصف كامل

محفوظ في:

المؤلف الرئيسي: Slavkova, Magdalena (مؤلف)

التنسيق: كتاب الكتروني

اللغة: English

منشور في: Paderborn : Ferdinand Schöningh, Brill Deutschland, 2025.

سلاسل: Roma History and Culture ; 5.
Schöningh and Fink Early Modern and Modern History E-Books Online, Collection 2025.

الموضوعات:

الوصول للمادة أونلاين: Login to view Source

الوسوم: إضافة وسم

لا توجد وسوم, كن أول من يضع وسما على هذه التسجيلة!

رقم الطلب: D410

LEADER 02841nam a22004938i 4500
001 BRILL9783657791422
003 nllekb
005 20250308131601.0
006 m d
007 cr un uuuua
008 241115s2025 gw sb 001 0 eng d
020 |a 9783657791422  |q (electronic book) 
020 |z 9783506791429  |q (print) 
024 7 |a 10.30965/9783657791422  |2 DOI 
035 |z (OCoLC)1432416088 
040 |a NL-LeKB  |c NL-LeKB  |e rda 
041 |a eng 
050 4 |a D410 
072 7 |a HBTB  |2 bicssc 
072 7 |a HIS  |x 054000  |2 bisacsh 
072 7 |a SOC  |x 008000  |2 bisacsh 
082 0 4 |a 910.82  |2 23 
100 1 |a Slavkova, Magdalena,  |e author. 
245 1 0 |a Conversion, Leadership and Identity of the Evangelical Roma in Bulgaria /  |c Magdalena Slavkova. 
264 1 |a Paderborn :  |b Ferdinand Schöningh, Brill Deutschland,  |c 2025. 
264 4 |c ©2025 
300 |a 1 online resource (252 pages) :  |b illustrations. 
336 |a text  |b txt  |2 rdacontent 
337 |a computer  |b c  |2 rdamedia 
338 |a online resource  |2 rdacarrier 
490 1 |a Roma History and Culture ;  |v 5 
490 1 |a Schöningh and Fink Early Modern and Modern History E-Books Online, Collection 2025 
504 |a Includes bibliographical references and index. 
505 0 |t Front Matter -- Preliminary Material /  |r Magdalena Slavkova -- Chapter 2 The Politics of Romani Evangelicalism /  |r Magdalena Slavkova -- Chapter 3 The Evangelical Roma as an Imagined Community /  |r Magdalena Slavkova -- Concluding Remarks /  |r Magdalena Slavkova -- Back Matter -- References /  |r Magdalena Slavkova. 
520 |a Combining historical and ethnographic approaches in her pioneering study, Magdalena Slavkova offers an insightful contribution to our understanding of Romani evangelicalism. The phenomenon appeared at the beginning of the 20th century in Bulgaria, considerably earlier than many other European countries, with various missionaries working among the Roma, such as Methodists and Baptists among them, as well as later Pentecostals. This book explains the conversion process of men and women from different Romani groups who demonstrate their identity as believers in Jesus Christ and shows how power is transferred from older to younger men and from men to women through mechanisms enabled by evangelism. 
546 |a English 
588 |a Description based on print version record. 
650 0 |a History. 
776 0 8 |i Print version:  |t Conversion, Leadership and Identity of the Evangelical Roma in Bulgaria.  |d Paderborn : Ferdinand Schöningh, Brill Deutschland, 2025.  |z 9783506791429 
830 0 |a Roma History and Culture ;  |v 5. 
830 0 |a Schöningh and Fink Early Modern and Modern History E-Books Online, Collection 2025. 
856 4 |z DOI:   |u http://dx.doi.org/10.30965/9783657791422 
942 |2 lcc  |c EBOOK 
999 |c 60540  |d 60540